000 00342 a2200157 4500
001 75696
020 _a9788560075270
040 _cAnchieta - Colégio São Paulo
100 _aSilva, Ailezz
240 1 0 _aA Morada feliz
_lpor
245 1 0 _aA Morada feliz
300 _a54
362 0 _a2009
650 4 _aLiteratura infantil
942 _cBK
999 _c75696
_d75696